| 000 | 00660nam a22001817a 4500 | ||
|---|---|---|---|
| 008 | 131009b xxu||||| |||| 00| 0 alb d | ||
| 020 | _a9951130143 | ||
| 041 | 0 | _aalb, eng | |
| 080 |
_a021 _x(496.51) _x(061.51) |
||
| 245 | 0 | 0 |
_aJava e Bibliotekës në Kosovë 19-24 prill 2004 / _c[Kryeredaktor i botimeve Sali Bashota]. |
| 260 |
_aPrishtinë : _bBiblioteka Kombëtare dhe Universitare e Kosovës ; _c2005 |
||
| 300 |
_a112 f.: _bme il. ; _c20 cm. |
||
| 490 | _aBKUK : Botime të Veçanta 2 : | ||
| 610 |
_aBiblioteka Kombëtare dhe Universitare e Kosovës _xSeminare |
||
| 650 | 0 |
_aBibliotekaria _xSeminare _zKosovë |
|
| 700 | 1 | _aBashota, Sali | |
| 942 |
_2udc _cBK |
||
| 999 |
_c80 _d80 |
||